| 000 | 00683nam a2200277Ia 4500 | ||
|---|---|---|---|
| 008 | 170712s9999 xx 000 0 und d | ||
| 020 | _a9789712721557 | ||
| 050 | _a909 | ||
| 050 | _bP644 2008 | ||
| 100 | _aPimentel, Benjamin | ||
| 245 | _aPareng Barack : | ||
| 245 | _bFilipinos in Obama's America / | ||
| 245 | _cby Benjamin Pimentel. | ||
| 260 | _aPhilippines : | ||
| 260 | _bAnvil, | ||
| 260 | _c2008 | ||
| 300 | _a158 pages : | ||
| 300 | _billustrations ; | ||
| 300 | _c17cm. | ||
| 650 | _aFilipino Americans -- | ||
| 650 | _aObama, Barack. | ||
| 650 | _aPimentel, Benjamin, -- | ||
| 650 | _aTitle. | ||
| 650 | _x1964- | ||
| 650 | _xSocial conditions. | ||
| 999 |
_c340338 _d340338 |
||